World War I and the origins of U.S. military intelligence /

Bibliographic Details
Main Author: Gilbert, James L. (James Leslie), 1943-
Format: Book
Language:English
Published: Lanham, Md. : Scarecrow Press, 2012.
Subjects:

MARC

Tag First Indicator Second Indicator Subfields
LEADER 00000cam a2200000 a 4500
001 in00002783381
005 20150922150507.0
008 120417s2012 mduaf b 001 0 eng
010 |a  2012015810 
020 |a 9780810884595 (hbk. : alk. paper) 
020 |a 0810884593 (hbk. : alk. paper) 
020 |a 9780810884601 (ebook) 
020 |a 0810884607 (ebook) 
035 |a (OCoLC)ocn793005968 
040 |a DLC  |c DLC  |d UtOrBLW 
043 |a n-us--- 
049 |a TXAM 
050 0 0 |a UB251.U5  |b G55 2012 
082 0 0 |a 940.4/8673  |2 23 
100 1 |a Gilbert, James L.  |q (James Leslie),  |d 1943- 
245 1 0 |a World War I and the origins of U.S. military intelligence /  |c James L. Gilbert. 
264 1 |a Lanham, Md. :  |b Scarecrow Press,  |c 2012. 
300 |a x, 245 pages, 16 unnumbered pages of plates :  |b illustrations ;  |c 24 cm. 
336 |a text  |b txt  |2 rdacontent 
337 |a unmediated  |b n  |2 rdamedia 
338 |a volume  |b nc  |2 rdacarrier 
504 |a Includes bibliographical references (pages 235-240) and index. 
505 0 |a Steps to war -- The Signal Corps -- The war in Europe -- Captains -- Small steps by the Signal Corps -- The first shots in the intelligence war -- An early test south of the border -- America enters the war -- Military Intelligence Section -- The bigger picture -- A counterintelligence problem -- District of Columbia -- Corps of Intelligence Police -- Countersubversion -- The civilian sector -- The advent of Yardley -- Reports and more reports -- Censorship -- An interim judgment -- Intelligence and the AEF -- The Information Division -- A downed airship -- Secret Service Division -- Topography Division -- Censorship Division -- New Year's Eve -- Securing the home front -- Organizing counterintelligence -- Counterintelligence in action -- Intelligence gathering -- Secret inks -- More reports -- Finishing the course -- Propaganda -- Attachés -- Code making -- Negative branch -- The final report -- Tested under fire -- Intelligence in the field -- Intelligence within Division -- The Corps -- Army headquarters -- GHQ: filling the void -- Stars and stripes -- Combat artists -- Securing the force -- Making the airwaves secure -- Course of the war -- Coming to a close -- First Army -- Arrival of Van Deman -- St. Mihiel -- Meuse-Argonne -- Security -- The use of intelligence -- Peace talks -- Final evaluation -- The aftermath -- Peace conference -- Sideshows -- At home -- A glimpse into the future -- Appendix A: MI divisions in the War Department -- Appendix B: Radio tractor units -- Appendix C: G2 organization at GHQ -- Appendix D: First Army Observation/Photo Air Service -- Appendix E: First Army Signals Intelligence stations -- Appendix F: First Army Security Service monitoring stations. 
610 1 0 |a United States.  |b Department of the Army.  |b General Staff.  |b Military Intelligence Division  |x History. 
650 0 |a World War, 1914-1918  |x Military intelligence  |z United States. 
650 0 |a Military intelligence  |z United States  |x History  |y 20th century. 
945 |a PromptCat 
946 |a stk 
947 |a A14835930279 
948 |a cataloged  |b h  |c 2012/12/7  |d c  |e dmitchel  |f 10:00:00 am 
994 |a 92  |b TXA 
999 |a MARS 
999 f f |s 928b2b22-1147-3e3e-a491-3d9974dbc58c  |i 650a8458-1b11-3705-8110-0f1c5daf1df0  |t 0 
952 f f |p normal  |a Texas A&M University  |b College Station  |c Sterling C. Evans Library  |d Evans: Library Stacks  |t 0  |e UB251.U5 G55 2012  |h Library of Congress classification  |i unmediated -- volume  |m A14835930279 
998 f f |a UB251.U5 G55 2012  |t 0  |l Evans: Library Stacks